000 002340000a22000970004500
100 1 _aSalem, Luis D.
245 1 0 _aEn un establo es mejor
300 _aVol, 1, Núm 6 (1989), Páginas 13
773 0 _tImpacto Presbiteriano
942 _cANA
999 _c50848
_d50848